Pledge for an Integrated India: (Record no. 182695)

MARC details
000 -LEADER
fixed length control field 00601nam a22002057a 4500
005 - DATE AND TIME OF LATEST TRANSACTION
control field 20211202100003.0
010 ## - LCCN (DPL NO)
LC control number ENG-130165
020 ## - INTERNATIONAL STANDARD BOOK NUMBER
International Standard Book Number 978-93-5186-597-7
Terms of availability 400.00
035 ## - SYSTEM CONTROL NUMBER
System control number EN-113697
037 ## - SOURCE OF ACQUISITION
Source of stock number/acquisition DBAD/PUB
082 ## - DEWEY DECIMAL CLASSIFICATION NUMBER
Classification number 320.0954
100 ## - MAIN ENTRY--PERSONAL NAME
Personal name Khandelwl, Devesh.
245 ## - TITLE STATEMENT
Title Pledge for an Integrated India:
Statement of responsibility, etc Devesh Khandelwal
250 ## - EDITION STATEMENT
Edition statement 2015
260 ## - PUBLICATION, DISTRIBUTION, ETC. (IMPRINT)
Name of publisher, distributor, etc Prabhat Prakashan
Date of publication, distribution, etc 2015
270 ## - ADDRESS
Address 4/19, Asaf Ali Road
City New Delhi
Postal code 110002
Electronic mail address prabhatbooks@gmail.com
300 ## - PHYSICAL DESCRIPTION
Extent 303p.
Dimensions 23cm (hbk)
Other physical details Index
700 ## - ADDED ENTRY--PERSONAL NAME
Personal name Amit Shah
942 ## - ADDED ENTRY ELEMENTS (KOHA)
Source of classification or shelving scheme Dewey Decimal Classification
Item type English Books
Classification part 320.0954
Call number suffix DEV
Holdings
Withdrawn status Lost status Not for loan Collection code Home library Current library Date acquired Source of acquisition Cost, normal purchase price Full call number Barcode Copy number Cost, replacement price Koha item type
      Non-fiction Shahdara Branch Shahdara Branch 02/12/2021 DBAD/PUB 400.00 320.0954 DEV EN-113697 1 400.00 English Books

© Delhi Public Library
Hit Counter
free hit counter